| 000 | 00346nam a22000977a 4500 | ||
|---|---|---|---|
| 082 |
_a343.549104 _bPAK |
||
| 245 |
_aPakistan Tax Decisions [P T D] 2005 / _cEdited by Muhammad Anwar, Muhammad Azhar Saeed, Muhammad Zubair Saeed and Muhammad Wahaj Azhar |
||
| 260 |
_aLahore : _bPLD Publishers, _c2005. |
||
| 300 |
_avolume _c23 cm. |
||
| 942 |
_2ddc _cCR _s1 |
||
| 999 |
_c592520 _d592520 |
||